书目信息 |
| 题名: |
普通物理学
|
|
| 作者: | 包科达 编著 | |
| 分册: | ||
| 出版信息: | 北京 北京大学出版社 1989.9 |
|
| 页数: | 247页 | |
| 开本: | 20厘米 | |
| 丛书名: | ||
| 单 册: | ||
| 中图分类: | O55 | |
| 科图分类: | ||
| 主题词: | 热学 , 分子运动论 | |
| 电子资源: | ||
| ISBN: | 7-301-00773-6 | |
| 000 | 00667nam0 2200253 45 | |
| 001 | 0189025015 | |
| 005 | 20040518093641.8 | |
| 010 | @a7-301-00773-6@dCNY2.00 | |
| 020 | @aCN@b89025015 | |
| 100 | @a19911017d1989 em y0chiy0120 ea | |
| 101 | 0 | @achi |
| 102 | @aCN@b110000 | |
| 105 | @ay z 000yy | |
| 106 | @ar | |
| 200 | 10 | @a普通物理学@Apu tong wu li xue@e热学@Ere xue@f包科达编著@Fbao ke da bian zhu |
| 210 | @a北京@c北京大学出版社@d1989.9 | |
| 215 | @a247页@d20厘米 | |
| 300 | @a北京大学教材 | |
| 606 | 0 | @a热学 |
| 606 | 0 | @a分子运动论 |
| 690 | @aO55 | |
| 701 | 0 | @a包科达@Abao ke da@4编著 |
| 801 | 0 | @aCN@bNLC@c19911017 |
| 905 | @f1@b243795@dO55@e18 | |
| 普通物理学:热学/包科达编著.-北京:北京大学出版社,1989.9 |
| 247页;20厘米 |
| 北京大学教材 |
| ISBN 7-301-00773-6:CNY2.00 |
| ● |
| 相关链接 |
|
|
|
|
正题名:普通物理学
索取号:O55/18
 
预约/预借
| 序号 | 登录号 | 条形码 | 馆藏地/架位号 | 状态 | 备注 |
| 1 | 0243793 | 001453386 | 第三借阅区/ [索取号:O55/18] | 在馆 | |
| 2 | 0243794 | 001453411 | 第三借阅区/ [索取号:O55/18] | 在馆 | |
| 3 | 0243795 | 001453395 | 第三借阅区/ [索取号:O55/18] | 在馆 | |
| 4 | 0243796 | 001453402 | 第三借阅区/ [索取号:O55/18] | 在馆 | |
| 5 | 0243797 | 202121444 | 第二样本阅览室/ [索取号:O55/18] | 在馆 |